Equality , with a new intro ./ (Record no. 111539)
[ view plain ]
| 000 -LEADER | |
|---|---|
| fixed length control field | 00408nam a22001577a 4500 |
| 003 - CONTROL NUMBER IDENTIFIER | |
| control field | BD-ChCU |
| 005 - DATE AND TIME OF LATEST TRANSACTION | |
| control field | 20260210095550.0 |
| 008 - FIXED-LENGTH DATA ELEMENTS--GENERAL INFORMATION | |
| fixed length control field | 260210b bg ||||| |||| 00| 0 ben d |
| 040 ## - CATALOGING SOURCE | |
| Transcribing agency | BD-ChCU |
| 082 ## - DEWEY DECIMAL CLASSIFICATION NUMBER | |
| Classification number | 323.4 TAE |
| 100 ## - MAIN ENTRY--PERSONAL NAME | |
| Personal name | Tawney , R.H. |
| 9 (RLIN) | 20203 |
| 245 ## - TITLE STATEMENT | |
| Title | Equality , with a new intro ./ |
| Statement of responsibility, etc. | R . H. Tawney . |
| 260 ## - PUBLICATION, DISTRIBUTION, ETC. | |
| Place of publication, distribution, etc. | London : |
| Name of publisher, distributor, etc. | Allen & Unwin . |
| Date of publication, distribution, etc. | C 1964 |
| 300 ## - PHYSICAL DESCRIPTION | |
| Extent | 255p |
| 942 ## - ADDED ENTRY ELEMENTS (KOHA) | |
| Source of classification or shelving scheme | Dewey Decimal Classification |
| Koha item type | Books |
| Suppress in OPAC | No |
| Withdrawn status | Lost status | Source of classification or shelving scheme | Damaged status | Not for loan | Home library | Current library | Shelving location | Date acquired | Source of acquisition | Total Checkouts | Full call number | Barcode | Date last seen | Copy number | Price effective from | Koha item type |
|---|---|---|---|---|---|---|---|---|---|---|---|---|---|---|---|---|
| Dewey Decimal Classification | Chittagong University Library | Chittagong University Library | Business and Social Science Reading Room | 02/10/2026 | Purchase | 323.4 TAE | 17547 | 02/10/2026 | C-1 | 02/10/2026 | Books | |||||
| Dewey Decimal Classification | Chittagong University Library | Chittagong University Library | Business and Social Science Reading Room | 02/10/2026 | Purchase | 323.4 TAE | 17548 | 02/10/2026 | C-2 | 02/10/2026 | Books | |||||
| Dewey Decimal Classification | Chittagong University Library | Chittagong University Library | Business and Social Science Reading Room | 02/10/2026 | Purchase | 323.4 TAE | 19322 | 02/10/2026 | C-3 | 02/10/2026 | Books |